Statistics for Play Scrabble by Guessing U.S. States

Click here to take the quiz!

General Stats

  • This quiz has been taken 54,433 times
    (50,107 since last reset)
  • The average score is 210 of 691

Answers on the Map

Answers color-coded by a green-red scale on the quiz's map according to % correct below.
 

Answer Stats

States% Correct
California
64%
Alaska
57%
Alabama
55%
Florida
50%
Arizona
49%
New York
46%
Arkansas
45%
Texas
45%
Washington
44%
Hawaii
43%
Ohio
39%
Colorado
38%
Idaho
38%
Iowa
36%
Maine
36%
Wyoming
36%
Georgia
35%
Delaware
34%
Illinois
32%
Montana
31%
Connecticut
30%
Indiana
30%
Kansas
30%
Michigan
30%
Minnesota
29%
New Mexico
29%
Oregon
29%
Utah
28%
Massachusetts
27%
Mississippi
27%
New Jersey
27%
Vermont
26%
Wisconsin
26%
Nevada
25%
Kentucky
24%
North Dakota
24%
Virginia
24%
New Hampshire
22%
South Dakota
22%
Louisiana
21%
North Carolina
21%
West Virginia
21%
Maryland
20%
Missouri
20%
Oklahoma
19%
South Carolina
19%
Nebraska
18%
Pennsylvania
18%
Tennessee
18%
Rhode Island
16%

Score Distribution

Percentile by Number Answered

Percent of People with Each Score

Your Score History

You have not taken this quiz since the last reset